000 00857cam a2200277 4500
008 090401t1995 xxu||||| |||| 00| 0 eng d
020 _a1860810403
035 _a(Sirsi) u59462
041 _aeng
050 _a615.925756
100 _aScivyer, C.R.
245 _aRadon in the workplace.
260 _aGarston, Watford
_bBuilding Research Establishment
_c1995
300 _aiii,48p. : ill. ; 30cm.
350 _a9.95
490 _aBRE Building Renewal
_v293
490 _aBuilding
_v293 Research Establishment Report
520 _aGuide prepared for the Health and Safety Executive by the BRE.
650 _aPROPERTY-COMMERCIAL PROPERTY
650 _aRADON IN THE WORKPLACE
690 _aBUILT ENVIRONMENT-BUILDING STANDARDS
700 _aGregory, T.J.
710 _aBuilding Research Establishment
942 _n0
948 _c04/03/1997
999 _c94150
_d94150